Ian Lu

Hunter A


Categories

History - Cross, Historiography, and Miscellaneous6000903948.0024
Science - Biology4000603939.7533
History - American2200506074.5011
History - European3000454647.3303
History - World2100403657.3311
Literature - British1200353466.6711
RMP - Philosophy1200354883.0000
Geography - Europe1100253848.5001
Current Events - World1100254656.5001
Literature - European1000156363.0001
RMP - Jewish Practice1000152828.0001
Geography - United States1000155151.0000
Social Science - Economics1000155959.0000
Literature - World and Miscellaneous1000155858.0000
Social Science - Other0100109696.0000
Fine Arts - Photography010010132132.0000
Geography - World0100107070.0000
Other - Other Academic and General Knowledge010010128128.0000
RMP - East Asian Religion0100107171.0000
Science - Astronomy0100108484.0001
Science - Chemistry0100107777.0000
Science - Computer Science010010119119.0000
Current Events - U.S.010010121121.0000
Science - Engineering and Miscellaneous000000.0000
RMP - Christian Practice000000.0000
RMP - World Mythology000000.0000
Fine Arts - Architecture000000.0000
Fine Arts - Miscellaneous000000.0000

Buzzes

RMP - Jewish PracticeReform Judaism2028
RMP - World Mythologysun030
Literature - BritishFrankenstein; or, The Modern Prometheus2034
History - Worldthe creation of the state of Israel2036
Social Science - EconomicsSmith036
Geography - Europestones2038
Science - Biologysexual reproduction2039
Science - BiologyDNA sequences2039
History - Cross, Historiography, and Miscellaneouschildren2039
Science - Biologytrees2040